Breathing Hearts : Sufism, Healing, and Anti-Muslim Racism in Germany.

No detailed description available for "Breathing Hearts".

Bibliographic Details
Main Author: Selim, Nasima.
Format: eBook
Language:English
Published: New York, NY : Berghahn Books, Incorporated, 2024.
Edition:1st ed.
Series:Epistemologies of Healing Series
Subjects:
Online Access:Click to View
LEADER 02759nam a22004093i 4500
001 EBC30555955
003 MiAaPQ
005 20240729202206.0
006 m o d |
007 cr cnu||||||||
008 240729s2024 xx o ||||0 eng d
020 |a 9781805392002  |q (electronic bk.) 
020 |z 9781805391982 
035 |a (MiAaPQ)EBC30555955 
035 |a (Au-PeEL)EBL30555955 
035 |a (OCoLC)1414468242 
040 |a MiAaPQ  |b eng  |e rda  |e pn  |c MiAaPQ  |d MiAaPQ 
082 0 |a 297.40943 
100 1 |a Selim, Nasima. 
245 1 0 |a Breathing Hearts :  |b Sufism, Healing, and Anti-Muslim Racism in Germany. 
250 |a 1st ed. 
264 1 |a New York, NY :  |b Berghahn Books, Incorporated,  |c 2024. 
264 4 |c Ã2024. 
300 |a 1 online resource (282 pages) 
336 |a text  |b txt  |2 rdacontent 
337 |a computer  |b c  |2 rdamedia 
338 |a online resource  |b cr  |2 rdacarrier 
490 1 |a Epistemologies of Healing Series ;  |v v.21 
505 0 |a Intro -- Contents -- Illustrations -- Preface - The Ethnographer Breathes -- Acknowledgments -- Note on Transliteration and Translation -- Abbreviations -- Introduction - "A Sufi Is Someone Who Breathes Well": The Ways of Breathing Hearts -- Chapter 1 - The Unseen Neighbors and a Dual Apprentice: Silsila, or Drawing the Lines of Transmitting Breath -- Chapter 2 - "Why Do I Suffer and What Should I Do?": The Desire Lines of Sufi Breathing-Becoming -- Chapter 3 - Techniques of Transformation: Subtle-Material Bodies in Dhikr and Other (Breathing) Practices -- Chapter 4 - "There Must Be Something Else": The In-between World of Healing Secular and Religious Suffering -- Chapter 5 - Participation in the Real: The Healing Power of Breath, Words, and Things -- Chapter 6 - "The Right-Wing Attacks Our Mosques and Our Muslim Brothers Do Not Consider Us to Be Real Muslims!": The (Anti-)Politics of Breathing Hearts -- Conclusion - Lessons from the Breathing, Wayfaring Hearts -- Epilogue - Sufi Breathing In the Pandemic Ruins of (Anti-Muslim) Racism -- Glossary -- References -- Index -- Blank Page. 
520 |a No detailed description available for "Breathing Hearts". 
588 |a Description based on publisher supplied metadata and other sources. 
590 |a Electronic reproduction. Ann Arbor, Michigan : ProQuest Ebook Central, 2024. Available via World Wide Web. Access may be limited to ProQuest Ebook Central affiliated libraries.  
655 4 |a Electronic books. 
776 0 8 |i Print version:  |a Selim, Nasima  |t Breathing Hearts  |d New York, NY : Berghahn Books, Incorporated,c2024  |z 9781805391982 
797 2 |a ProQuest (Firm) 
830 0 |a Epistemologies of Healing Series 
856 4 0 |u https://ebookcentral.proquest.com/lib/matrademy/detail.action?docID=30555955  |z Click to View